World Cup Superlatives - Statistics

General Stats
  • This quiz has been taken 47 times
  • The average score is 9 of 30
Answer Stats
Superlative Answer % Correct
Most titles won (5) Brazil
100%
Most finishes in top four (13) Germany
93%
Most finishes in top four without being champion (5) Netherlands
85%
Most consecutive wins (11) Brazil
78%
Most matches played, all-time, country (109) Germany
63%
Fewest goals scored, champions (8) Spain
59%
Highest goal difference, all-time (+119) Brazil
51%
Most goals scored in one tournament, country (27) Hungary
37%
Most shootouts with 100% record (4) Germany
34%
Biggest margin of victory, qualifying match (31) Australia
32%
Most shootouts with 0% record (3) England
32%
Most goals scored by an individual, all-time (16) Miroslav Klose
29%
Worst finish by a host team (did not advance to round of 16) South Africa
29%
Most goals in one tournament, individual (13) Just Fontaine
27%
Most draws, all-time (21) Italy
20%
Youngest goalscorer (17 years, 7 months, 27 days) Pelé
20%
Most consecutive failed qualification attempts (19) Luxembourg
17%
Fastest goal scored in qualification, country (8 seconds) San Marino
17%
Fewest goals conceded, one tournament (0) Switzerland
17%
Most cautions, all-time, country (108) Argentina
15%
Most losses, all-time (country) (25) Mexico
15%
Oldest goalscorer (42 years, 1 month, 8 days) Roger Milla
15%
High average goals scored per match, all-time (2.72) Hungary
12%
Most appearances in final, individual (3) Cafu
10%
Most appearances, always progressing from first round (3) Ireland
10%
Most goals in a single match, individual (5) Oleg Salenko
10%
Most goals scored in a final match, individual (3) Geoff Hurst
7%
Lowest goal difference, all-time (-36) South Korea
5%
Fewest goals conceded, all-time, country (2) Angola
2%
Most consecutive minutes without scoring a goal, all-time (517) Bolivia
2%
No matching quizzes found
Score Distribution
Percent of People with Each Score
Percentile by Number Answered
Your Score History
You have not taken this quiz